| 000 | 00811cam a22002655a 4500 | ||
|---|---|---|---|
| 001 | 017634547 | ||
| 003 | OSt | ||
| 005 | 20161102112951.0 | ||
| 008 | 151124s2016 enka frb 001 0 eng d | ||
| 020 | _a9781138912908 | ||
| 040 |
_aStDuBDS _beng _cStDuBDS _dEG-ScBUE |
||
| 082 | 0 | 4 |
_a338.47910688 _222 _bPIK |
| 100 | 1 |
_aPike, Steven. _938109 |
|
| 245 | 1 | 0 |
_aDestination marketing : _bessentials / _cSteven Pike. |
| 250 | _a2nd ed. | ||
| 260 |
_aOxon ; _aNew York : _bRoutledge / Taylor & Francis Group, _c2016. |
||
| 300 |
_axx, 344 p. : _bill. ; _c25 cm. |
||
| 500 | _aIndex : p. [342]-344. | ||
| 504 | _aIncludes bibliographical references. | ||
| 650 | 7 |
_aPlace marketing. _2BUEsh _939165 |
|
| 650 | 7 |
_aTourism _xMarketing. _2BUEsh _919243 |
|
| 651 | _2BUEsh | ||
| 653 |
_bBUSADM _cNovember2016 |
||
| 942 | _2ddc | ||
| 999 |
_c22984 _d22956 |
||